Measuring security in personal adjustment (Record no. 357184)

000 -LEADER
fixed length control field 00415cam a22001337a 4500
008 - FIXED-LENGTH DATA ELEMENTS--GENERAL INFORMATION
fixed length control field 180718b1958 xxu||||| |||| 00| 0 eng d
082 ## - DEWEY DECIMAL CLASSIFICATION NUMBER
Classification number K935 A166
100 ## - MAIN ENTRY--PERSONAL NAME
Personal name Ainsworth, Mary D.
245 ## - TITLE STATEMENT
Title Measuring security in personal adjustment
Statement of responsibility, etc. by Mary D. Ainsworth and Leonard H. Anisworth
260 ## - PUBLICATION, DISTRIBUTION, ETC.
Place of publication, distribution, etc. Toronto
Name of publisher, distributor, etc. Univ of Tornoto Press
Date of publication, distribution, etc. 1958
300 ## - PHYSICAL DESCRIPTION
Extent 98p.
650 ## - SUBJECT ADDED ENTRY--TOPICAL TERM
Topical term or geographic name entry element Personality
700 ## - ADDED ENTRY--PERSONAL NAME
Personal name Anisworth, Leonard H.
Holdings
Withdrawn status Lost status Damaged status Not for loan Permanent Location Current Location Date acquired Full call number Barcode Date last seen Price effective from Koha item type
        Indian Institute of Public Administration Indian Institute of Public Administration 1994-01-12 K935 A166 18912 2018-07-21 2018-07-21 Book

Powered by Koha